Los tontos mueren / (Registro nro. 30761)

Detalles MARC
000 -LEADER
fixed length control field 02448nam a22002897a 4500
003 - CONTROL NUMBER IDENTIFIER
control field OSt
005 - DATE AND TIME OF LATEST TRANSACTION
control field 20240702145909.0
008 - FIXED-LENGTH DATA ELEMENTS--GENERAL INFORMATION
fixed length control field 240617t1978 sp ||||er|||| 00| f spa d
020 ## - INTERNATIONAL STANDARD BOOK NUMBER
International Standard Book Number 8425310806
037 ## - SOURCE OF ACQUISITION
Source of stock number/acquisition Donación
040 ## - CATALOGING SOURCE
Original cataloging agency CO-JMCR
Language of cataloging spa
Transcribing agency CO-JMCR
Modifying agency CO-JMCR
Description conventions rda
041 1# - LANGUAGE CODE
Language code of text/sound track or separate title spa
Language code of original eng
082 04 - DEWEY DECIMAL CLASSIFICATION NUMBER
Classification number A-N
Item number PUZt
100 1# - MAIN ENTRY--PERSONAL NAME
Personal name Puzo, Mario,
Dates associated with a name 1920 - 1999
Relator term autor
9 (RLIN) 43697
245 14 - TITLE STATEMENT
Title Los tontos mueren /
Statement of responsibility, etc. Mario Puzo; traducido por J. M. Álvarez Flórez y Ángela Pérez.
246 #1 - VARYING FORM OF TITLE
Title proper/short title Fools Die /
250 ## - EDITION STATEMENT
Edition statement Tercera edición /
260 ## - PUBLICATION, DISTRIBUTION, ETC.
Place of publication, distribution, etc. Barcelona :
Name of publisher, distributor, etc. Grijalbo,
Date of publication, distribution, etc. ©1978
300 ## - PHYSICAL DESCRIPTION
Extent 598 páginas ;
Dimensions 20 cm.
500 ## - GENERAL NOTE
General note Incluye biografía en la contracubierta.
520 3# - SUMMARY, ETC.
Summary, etc. El padrino fue la revelación de un gran escritor; LOS TONTOS MUEREN constituirá sin duda un acontecimiento editorial de primera magnitud. La obra está centrada en la figura de un joven huérfano norteamericano llamado Merlyn, cuya vida tiene realmente una cualidad mágica (no en vano lleva el mismo nombre que el mago de la leyenda del rey Arturo). Tras una juventud a la deriva, en la que se dedica a actividades ilegales y es perseguido por la justicia, se interesa por la literatura hasta que se convierte en un novelista de éxito extraordinario. Sus obras le brindan fama y fortuna, y le abren las puertas del mundo literario de Nueva York y de Hollywood, donde conoce a magnates, actores, agentes y hermosas mujeres; se aficiona también al juego, que practica con asiduidad en los casinos de las vegas. Todo ello le aparta de la mujer de su juventud, de su familia y de su querido hermano, quienes poco a poco van siendo desplazados por los demás protagonistas de la novela. He aquí el destino de Merlyn: un hombre que es testigo de la traición pero que aún cree en el honor, que ama a una mujer pero la engaña constantemente, y que al final presencia la muerte de los tontos: su hermano Artie, Jordan Hawley, Osano, Malomar, Cully, Janelle... LOS TONTOS MUEREN ofrece una profunda visión de la psique humana: vida y muerte, ambición y poder, comedia y tragedia, tales son los elementos de esta novela extraordinaria que sólo podía escribir un autor de la categoría de Mario Puzo.
650 14 - SUBJECT ADDED ENTRY--TOPICAL TERM
Source of heading or term JMCR
Topical term or geographic name entry element Novela estadoudinse
Chronological subdivision Siglo XX
9 (RLIN) 43698
650 24 - SUBJECT ADDED ENTRY--TOPICAL TERM
Source of heading or term JMCR
Topical term or geographic name entry element Muerte
General subdivision Novela
9 (RLIN) 43699
650 34 - SUBJECT ADDED ENTRY--TOPICAL TERM
Source of heading or term JMCR
Topical term or geographic name entry element Joven huérfano
General subdivision novelista
9 (RLIN) 43700
700 1# - ADDED ENTRY--PERSONAL NAME
Personal name Flórez, Álvarez,
Dates associated with a name 1939 - 2021
Relator term traductor
9 (RLIN) 43701
942 ## - ADDED ENTRY ELEMENTS (KOHA)
Source of classification or shelving scheme Dewey Decimal Classification
Koha item type Books
Existencias
Withdrawn status Lost status Source of classification or shelving scheme Damaged status Not for loan Collection code Home library Current library Shelving location Date acquired Total Checkouts Full call number Barcode Date last seen Copy number Price effective from Koha item type
    Dewey Decimal Classification     Fiction Biblioteca Pública José María del Castillo y Rada Biblioteca Pública José María del Castillo y Rada Fiction 06/07/2021   A-N PUZt 201811949 06/18/2024 Ej.1 06/18/2024 Books